Normal view
MARC view
- AJOY KUMAR DAS
Entry Personal Name
001 - CONTROL NUMBER
- control field: 3796
003 - CONTROL NUMBER IDENTIFIER
- control field: OSt
005 - DATE AND TIME OF LATEST TRANSACTION
- control field: 20181025134204.0
008 - FIXED-LENGTH DATA ELEMENTS
- fixed length control field: 181025|| aca||aabn | a|a d
040 ## - CATALOGING SOURCE
- Original cataloging agency: OSt
- Transcribing agency: OSt
100 ## - HEADING--PERSONAL NAME
- Personal name: AJOY KUMAR DAS
670 ## - SOURCE DATA FOUND
- Source citation: Work cat.: (OSt)14932: AJOY KUMAR DAS DHANYA AUGUSTINE NADIYA NESTHAD, Development and testing of coleus and ginger harvester
